Este Jesús: uno que no conocemos, historia y mensaje de Jesús para los hombres de hoy

Saved in:
Bibliografiske detaljer
Hovedforfatter: Ricciardi, Renzo (Author)
Format: Bog
Sprog:spansk
Udgivet: Bogotá Paulinas 1981
Serier:Colección Mensajes
Fag:
Tags: Tilføj Tag
Ingen Tags, Vær først til at tagge denne postø!

MARC

LEADER 00000nam a2200000 a 4500
001 UCL1769
003 CL-VaPUC
008 030926e19810000CK |||||||||||||||||spa|d
082 0 4 |a 232  |b RIC  |2 21 
100 0 |a Ricciardi, Renzo  |e author  |9 478600 
245 1 0 |a Este Jesús: uno que no conocemos, historia y mensaje de Jesús para los hombres de hoy 
300 |a 395 p 
942 |c BK 
945 |d 20030926 00:00:00  |a vberengu 
260 |a Bogotá  |b Paulinas  |c 1981 
600 0 |a Jesús  |9 313614 
650 0 |a Cristología   |9 315091 
583 |a last modification  |c 20030926 00:00:00  |k Rodrigo Vera 
490 0 |a Colección Mensajes 
999 |c 305210  |d 305208 
952 |0 0  |1 0  |4 0  |6 232_000000000000000_RIC_1981  |7 0  |8 A  |9 368317  |a BIBTEO  |b BIBTEO  |d 2019-11-21  |i 2078252  |o 232 RIC 1981  |p 2078252  |r 2025-01-17  |w 2019-11-21  |y BK  |k ICR